000
00188 a2200097 4500
020
_a
9788479537685
041
_a
spa
100
_a
Edlund, Matthew
245
_a
Descanso activo
942
_c
BK
999
_c
10483
_d
10483